Etiqueta de registo: 00000nam 2200025 450
001 2285817
003 http://id.bnportugal.gov.pt/bib/catbnp/2285817
010 ## $a978-989-754-849-9
021 ## $aPT$b549412/25
100 ## $a20260506d2025 m y0pory01030103ba
101 1# $apor$ceng
102 ## $aPT
105 ## $aa z 000yy
106 ## $ar
200 1# $aOráculo diário segundo Taylor$fil. Loren Jones$gtrad. Filipa Aguiar
205 ## $a1ª ed
210 #9 $aLisboa$cMarcador,$d2026
215 ## $a511, [1] p.$cil.$d17 cm
304 ## $aTít. orig.: The book of answers according to Taylor Swift
701 #1 $aJones,$bLoren$4070$31997754
702 #1 $aAguiar,$bFilipa$4730$3895039
801 #0 $aPT$bBN$gRPC
966 ## $lBN$mFGMON$x1
966 ## $lBN$mFGMON$x1
971 ## $corlando$d20260506